L’anorexie mentale évaluée par le EAT 40 (notice n° 1912569)
[ vue normale ]
| 000 -LEADER | |
|---|---|
| fixed length control field | 02446cam a2200277 4500500 |
| 005 - DATE AND TIME OF LATEST TRANSACTION | |
| control field | 20260329021434.0 |
| 041 ## - LANGUAGE CODE | |
| Language code of text/sound track or separate title | fre |
| 042 ## - AUTHENTICATION CODE | |
| Authentication code | dc |
| 100 10 - MAIN ENTRY--PERSONAL NAME | |
| Personal name | Ellouze, Faten |
| Relator term | author |
| 245 00 - TITLE STATEMENT | |
| Title | L’anorexie mentale évaluée par le EAT 40 |
| 260 ## - PUBLICATION, DISTRIBUTION, ETC. | |
| Date of publication, distribution, etc. | 2015.<br/> |
| 500 ## - GENERAL NOTE | |
| General note | 49 |
| 520 ## - SUMMARY, ETC. | |
| Summary, etc. | L’ anorexie mentale est une pathologie grave qui peut mettre en jeu le pronostic vital et qui est caractérisée par une importante comorbidité somatique et psychiatrique. Les formes sub-syndromiques sont jusqu’à 10 fois plus fréquentes. Notre travail est une étude transversale portant sur 200 adolescents tirés au sort et scolarisés dans les structures publiques. Notre objectif était de rechercher les facteurs épidémiologiques reliés à l’anorexie mentale chez un groupe d’adolescents Tunisiens en s’aidant du questionnaire EAT 40 dans sa version arabe validée, outil le plus utilisé pour le dépistage de l’anorexie mentale, pour détecter la présence de troubles du comportement alimentaire dans une population à haut risque. La détection de cette pathologie nous parait très importante afin d’instaurer au plus tôt une prise en charge pour éviter une évolution défavorable. |
| 520 ## - SUMMARY, ETC. | |
| Summary, etc. | Anorexia nervosa is a serious condition that can develop life-threatening and is characterized by a high somatic and psychiatric comorbidity. The sub-syndromic forms are up to 10 times more frequent. Our work is a cross-sectional study of 200 adolescents randomly selected and enrolled in public structures. Our objective was to investigate the epidemiological factors related to anorexia nervosa in a group of teenagers are helping Tunisians questionnaire EAT 40 in its Arabic version validated, the most used tool for screening for anorexia nervosa, to detect the presence of eating disorders in a population at high risk. The detection of this disease seems to us very important to establish at an early care to avoid unfavorable evolution. |
| 690 ## - LOCAL SUBJECT ADDED ENTRY--TOPICAL TERM (OCLC, RLIN) | |
| Topical term or geographic name as entry element | anorexie mentale |
| 690 ## - LOCAL SUBJECT ADDED ENTRY--TOPICAL TERM (OCLC, RLIN) | |
| Topical term or geographic name as entry element | comorbidité |
| 690 ## - LOCAL SUBJECT ADDED ENTRY--TOPICAL TERM (OCLC, RLIN) | |
| Topical term or geographic name as entry element | dépistage |
| 690 ## - LOCAL SUBJECT ADDED ENTRY--TOPICAL TERM (OCLC, RLIN) | |
| Topical term or geographic name as entry element | anorexia nervosa |
| 690 ## - LOCAL SUBJECT ADDED ENTRY--TOPICAL TERM (OCLC, RLIN) | |
| Topical term or geographic name as entry element | comorbidity |
| 690 ## - LOCAL SUBJECT ADDED ENTRY--TOPICAL TERM (OCLC, RLIN) | |
| Topical term or geographic name as entry element | screening |
| 700 10 - ADDED ENTRY--PERSONAL NAME | |
| Personal name | Ellini, Sana |
| Relator term | author |
| 700 10 - ADDED ENTRY--PERSONAL NAME | |
| Personal name | Cherif, Wissal |
| Relator term | author |
| 700 10 - ADDED ENTRY--PERSONAL NAME | |
| Personal name | Mrad, Mohamed Fadhel |
| Relator term | author |
| 786 0# - DATA SOURCE ENTRY | |
| Note | Psy Cause | 68 | 1 | 2015-01-20 | p. 38-43 | 1245-2394 |
| 856 41 - ELECTRONIC LOCATION AND ACCESS | |
| Uniform Resource Identifier | <a href="https://shs.cairn.info/revue-psy-cause-2015-1-page-38?lang=fr&redirect-ssocas=7080">https://shs.cairn.info/revue-psy-cause-2015-1-page-38?lang=fr&redirect-ssocas=7080</a> |
Pas d'exemplaire disponible.




Réseaux sociaux